| 000 | | | 04379nmc2a22003013x 450 |
| 001 | | | 4887ae47-6ce3-4652-b6e5-010eb2d9daff |
| 005 | | | 20231228012734.0 |
| 100 | ## | $a | 20231107l19301930k y0rusy50 ca |
| 101 | 0# | $a | rus |
| | $a | mul |
| 102 | ## | $a | RU |
| 105 | ## | $a | a z ||||| |
| 122 | 2# | $a | d19300121 |
| | $a | d19300706 |
| 122 | 2# | $a | d1929 |
| | $a | d1930 |
| 200 | 1# | $a | Расчеты НКФ с Госбанком за 1929/30 г. |
| | $j | 21.01.1930 - 06.07.1930 |
| 215 | ## | $a | 36 листов |
| | $c | табл. |
| | $d | 36,5 х 21,8 |
| 251 | ## | $c | Дело |
| 300 | ## | $a | Часть текста на языках народов СССР |
| 300 | ## | $a | Обратная нумерация |
| 300 | ## | $a | Заголовок дела на папке отсутствует |
| 300 | ## | $a | Часть текста машинописная и рукописная, часть - напечатана типографским способом |
| 461 | #0 | $1 | 001796d4672-8a00-4986-b488-6e42273792cc |
| | $1 | 2001 |
| | $a | ЦЕНТРАЛЬНЫЙ ИСПОЛНИТЕЛЬНЫЙ КОМИТЕТ СССР (ЦИК СССР). |
| | $1 | 251 |
| | $c | Фонд |
| | $1 | 852 |
| | $g | Р |
| | $j | 3316 |
| 462 | #0 | $1 | 0017ec774ca-f130-4901-bc43-09a1cb14aa51 |
| | $1 | 2001 |
| | $a | Дела Секретариата Президиума ЦИК Союза ССР. 1930 г. |
| | $v | Д. 539 |
| | $1 | 251 |
| | $c | Опись |
| | $1 | 852 |
| | $j | 23 |
| 601 | 01 | $3 | RU\NLR\AUTH\880357276 |
| | $a | СССР |
| | $b | ЦИК |
| 601 | 02 | $3 | RU\NLR\AUTH\66114868 |
| | $a | СССР. Государственный банк |
| 601 | 01 | $3 | RU\NLR\AUTH\8810041768 |
| | $a | СССР |
| | $b | Народный комиссариат финансов |
| 801 | #0 | $a | RU |
| | $b | GA_RF |
| 801 | #1 | $a | RU |
| | $b | ГлавНИВЦ |
| | $c | 20231107 |
| | $2 | rusmarc |
| 801 | #2 | $a | RU |
| | $b | ПБ им. Б.Н. Ельцина |
| | $c | 20231228 |
| | $g | RCR |
| | $2 | rusmarc |
| 852 | ## | $a | ГА РФ |
| | $j | 539 |
| 937 | ## | $d | 190253709 |
| | $h | ГАРФ |
| 035 | ## | $a | RuPRLIB51074968 |
| 856 | ## | $u | http://readingroom.main.prlib.ru/item.aspx?id_node=n190253709&mode=full |